000 00797nam a22002057a 4500
999 _c18791
_d18791
003 AR-CdUCM
008 190515b ||||| |||| 00| 0 spa d
040 _aMUNICIPALIDAD PROVINCIAL DEL CUSCO
_cBIBLIOTECA MUNICIPAL DEL CUSCO
082 _a372.48 /
_bM83
100 _aMorbelli, Lilia
_939595
245 _aLa literatura infantil :
_bEn la enseñanza preescolar y primaria /
260 _aBuenos Aires :
_bVíctor Lerú,
_c1964.
300 _a142 paginas ;
_c20 cm.
505 _aContenido :La literatura --Literatura y educación --La literatura infantil en la educación del niño escolar --La edades del niño y el tipo de literatura ...
650 _aLiteratura infantil
_9588
650 _aEducación
_9460
650 _aNiño
_922056
942 _2ddc
_cLIBROS
945 _arjall
_d2019-05-15